000 00727nam a2200241Ia 4500
003 GCL
005 20240530102322.0
008 140319s9999 xx 000 0 ara d
040 _aGCL /
_cGCL
082 0 4 _a370.15
_bج س
100 1 _aجابر عبدالحميد جابر
245 1 0 _aسيكولوجية التعليم ونظريات التعلم /
_cجابر عبدالحميد جابر
260 _a[S.N] :
_bدار الكتاب الحديث ،
_c1989
300 _a396
650 0 4 _aالتعليم
650 0 4 _aعلم النفس
650 0 4 _aنظريات
650 0 4 _aالدوافع النفسية
650 0 4 _aالادراك
650 0 4 _aالتذكر
650 0 4 _aالنسيان
942 _2ddc
_cBK
999 _c31412
_d31412